01138 a2200181 4500003000500000005001700005010001600022020001500038040000900053082001600062100002400078245005500102260005200157300003300209500002000242505066400262650003000926Nust20170207153444.0 a 75031921 a0135626293 cNust00a510.24621381 aThomson, Charles M.10aMathematics for electronics /cCharles M. Thomson. aEnglewood Cliffs, N.J. :bPrentice-Hall,c1976. axx, 634 p. :bill. ;c24 cm. aIncludes index. aIntroduction (Page-1) Algebraic Procedures (Page-6) Operations with sign numbers (Page-15) Operations involving algebraic (Page-28) Equations and formulas (Page-37) Scientific notation, measurements and units (Page-52) Resistance (Page-66) Series Circuit (Page-80) Parallel Circuit (Page-94) Algebraic Products and Factoring (Page-118) Fractions and fractional Equations (Page-131) Voltage dividers (Page-147) Measurement of current (Page-160) Measurement of voltage (Page-172) Measurement of resistance (Page-179) Batteries (Page-189) Function and Graphs (Page-198) Simultaneous Equations (Page-220) Determinates (Page-240) Exponents and Radicals (Page-252) 0aElectronicsxMathematics.